The Life of a Showgirl - Album (Taylor Swift) - Statistics

General Stats
  • This quiz has been taken 117 times
  • The average score is 11 of 12
Answer Stats
# Title % Correct
12. (ft. Sabrina Carpenter) The Life of a Showgirl
100%
3. Opalite
97%
1. The Fate of Ophelia
96%
9. Wood
95%
10. CANCELLED!
91%
5. Eldest Daughter
90%
2. Elizabeth Taylor
90%
7. Actually Romantic
88%
4. Father Figure
87%
8. Wi$h Li$t
87%
11. Honey
84%
6. Ruin The Friendship
82%
No matching quizzes found
Score Distribution
Percent of People with Each Score
Percentile by Number Answered
Your Score History
You have not taken this quiz